Statistics for Animal Taxonomy Quiz

Click here to take the quiz!

General Stats

  • This quiz has been taken 35 times
  • The average score is 12 of 25

Answer Stats

HintAnswer% Correct
MammalsCanis FamiliarisDog
100%
MammalsFelis CatusCat
97%
Reptiles and AmphibiansIguana IguanaGreen iguana
91%
MammalsUrsus MaritimusPolar bear
82%
Reptiles and AmphibiansVaranus KomodoensisKomodo dragon
70%
MammalsPan TroglodytesChimpanzee
67%
FishCarcharodon CarchariasGreat white shark
64%
FishCephalopterus MantaManta ray
61%
FishMola MolaOcean sunfish
52%
MammalsOrnithorhynchus anatinusPlatypus
48%
BirdsAra MacaoScarlet macaw
48%
FishHippocampus kudaCommon seahorse
42%
BirdsColumba Livia DomesticaDomestic pigeon
42%
BirdsBubo BuboEurasian eagle-owl
39%
BirdsCasuarius CasuariusSouthern cassowary
39%
InvertebratesVampyrotheutis InfernalisVampire squid
39%
Reptiles and AmphibiansDendrobates TinctoriusPoison dart frog
33%
InvertebratesApis MelliferaWestern honey bee
33%
Reptiles and AmphibiansAmbystoma MexicanusAxolotl
24%
BirdsAptenodytes ForsteriEmperor penguin
21%
InvertebratesAurelia AuritaCommon jellyfish
18%
Reptiles and AmphibiansEunectes MurinusGreen anaconda
15%
InvertebratesPhoneutria feraBrazillian wandering spider
12%
InvertebratesDanaus PlexippusMonarch butterfly
12%
FishRegalecus GlesneOarfish
12%

Score Distribution

Percentile by Number Answered

Percent of People with Each Score

Your Score History

You have not taken this quiz